00275nam a2200121Ia 4500008004100000100001900041245001900060260002900079300000900108650001400117942000700131999001500138190216s9999||||xx |||||||||||||| ||und|| aSundaram K P M 0aIndian Economy bRchand And Companyc1967 a428p aEconomics cBK c9165d9165